000 01168cam a22003014a 4500
999 _c23429
_d23429
001 11825591
003 OSt
005 20200323145910.0
008 991027r20001933nyu b 001 0 eng
020 _a9789675062452
040 _coclc
042 _apcc
043 _af-ua---
082 0 0 _a297.09620904
_221
_bADA/I
100 _aAdams, Charles C
_q(Charles Clarence)
_92191
245 1 0 _aIslam and Modernism /
_cCharles C. Adams
260 _aKuala Lumpur:
_bIslamic Book Trust,
_c2010.
300 _a283 p. ;
_c23 cm.
440 0 _aOrientalism ;
_vv. 10
500 _aOriginally published: London : Oxford University Press, 1933.
504 _aIncludes bibliographical references (p. [269]-274) and index.
600 0 0 _aMuḥammad ʻAbduh,
_d1849-1905.
650 0 _aIslam
_y20th century.
651 0 _aEgypt
_xPolitics and government
_y1882-1952.
906 _a7
_bcbc
_corignew
_d1
_eocip
_f19
_gy-gencatlg
942 _2ddc
_cBK
_h297.09620904
_iADA/I
_k297.09620904
_mADA/I